000 00816nam a22002417a 4500
001 3429
003 FISKH
005 20240305100331.0
008 240305b cb ||||| |||| 00| 0 eng d
040 _aFISK
_beng
_cFISK
_dFISK
050 _aE185.H355
082 _a920.009296073
100 _aHaskins Jim
_d1941-2005
245 _aOne more river to cross /
_cJim Haskins
260 _aNew York :
_bScholastic,
_c1992
300 _a215 pages :
_billustrations,
_c20 cm
505 _aX
520 _aPresents brief biographies of twelve African Americans who courageously fought against racism to become leaders in their fields, including Marian Anderson, Ralph Bunche, Fannie Lou Hamer, and Malcolm X.
521 8 _a1070
_bLexiles
700 _aJim Haskins
942 _2ddc
_cBK
_n0
999 _c3429
_d3429